000 00587nam a2200181Ia 4500
008 100920s9999 xx 000 0 und d
082 _b100220
_a520 न 07
100 _aबापट विद्या विश्वनाथ.
245 _aसुजाण पालकत्व.
260 _bसुयोग प्रकाशन,पुणे.
_c2007
300 _a112
_bसाधी
365 _b100
520 _aशाअ.
630 _aसुजाण पालकत्व.
650 _aशाअ.
730 _aसुजाण पालकत्व.
942 _cBOOK
999 _c740658
_d740655